[Event "11th Arad Open 2018"]
[Site "Arad"]
[Date "2018.08.11"]
[Round "8"]
[White "Vachylia, Andrii"]
[Black "David, Alexandru-Vasile"]
[Result "0-1"]
[WhiteElo "2192"]
[BlackElo "2421"]
[Annotator "NA"]
[PlyCount "70"]
[EventDate "2018.08.05"]
[EventType "swiss"]
[EventCountry "ROU"]
[SourceTitle "playchess.com"]
[Source "ChessBase"]
[SourceQuality "1"]
[TimeControl "40/5400+30:1800+30"]

1. d4 {[%emt 0:00:00]} Nf6 {[%emt 0:09:51]} 2. c4 {[%emt 0:00:00]} e6 {[%emt 0:00:15]} 3. Nf3 {[%emt 0:00:00]} d5 {[%emt 0:00:07]} 4. g3 {[%emt 0:00:00]} dxc4 {[%emt 0:00:42]} 5. Bg2 {[%emt 0:00:01]} Nbd7 {[%emt 0:00:04]} 6. Qa4 {[%emt 0:02:25]} a6 {[%emt 0:03:12]} 7. Qxc4 {[%emt 0:05:54]} b5 {[%emt 0:04:49]} 8. Qc2 {[%emt 0:03:38]} Bb7 {[%emt 0:02:59]} 9. O-O {[%emt 0:00:14]} c5 {[%emt 0:00:04]} 10. dxc5 {[%emt 0:03:57]} Bxc5 {[%emt 0:01:57]} 11. Bg5 {[%emt 0:00:13]} Qb6 {[%emt 0:04:54]} 12. Nc3 {[%emt 0:04:27]} Rc8 {[%emt 0:03:16]} 13. Qd3 {[%emt 0:06:32]} Ng4 {[%emt 0:06:51]} 14. Nd1 {[%emt 0:21:54]} f6 {[%emt 0:04:46]} 15. Bf4 {[%emt 0:03:39]} g5 {[%emt 0:14:25]} 16. Bd2 {[%emt 0:13:57]} Nge5 {[%emt 0:09:24]} 17. Nxe5 {[%emt 0:02:59]} Nxe5 {[%emt 0:02:23]} 18. Qb3 {[%emt 0:00:35]} Nc4 {[%emt 0:01:41]} 19. Bb4 {[%emt 0:02:34]} Bxg2 {[%emt 0:02:02]} 20. Kxg2 {[%emt 0:00:11]} Qb7+ {[%emt 0:00:07]} 21. Kg1 {[%emt 0:00:21]} Bb6 {[%emt 0:02:16]} 22. a4 {[%emt 0:03:48]} Kf7 {[%emt 0:02:37]} 23. axb5 {[%emt 0:00:56]} axb5 {[%emt 0:00:01]} 24. Qd3 {[%emt 0:02:39]} Rcd8 {[%emt 0:00:08]} 25. Qc2 {[%emt 0:00:12]} h5 {[%emt 0:00:04]} 26. b3 {[%emt 0:03:31]} h4 {[%emt 0:04:12]} 27. bxc4 {[%emt 0:07:02]} hxg3 {[%emt 0:00:22]} 28. e4 {[%emt 0:00:04]} Rxh2 {[%emt 0:00:04]} 29. c5 {[%emt 0:00:24]} Kg8 {[%emt 0:08:46]} 30. Qb3 {[%emt 0:03:01]} Qxe4 {[%emt 0:00:28]} 31. f3 {[%emt 0:00:04]} Rh1+ {[%emt 0:02:54]} 32. Kg2 {[%emt 0:00:05]} Rh2+ {[%emt 0:00:05]} 33. Kg1 {[%emt 0:00:03]} Rh1+ {[%emt 0:01:18]} 34. Kg2 {[%emt 0:00:03]} Qe2+ {[%emt 0:00:03]} 35. Rf2 {[%emt 0:01:33]} Rh2+ {[%emt 0:00:09]} 0-1

[Event "11th Arad Open 2018"]
[Site "Arad"]
[Date "2018.08.11"]
[Round "8"]
[White "Ghimpu, Samuel-Timotei"]
[Black "Roubalik, Jakub"]
[Result "0-1"]
[WhiteElo "2184"]
[BlackElo "2402"]
[Annotator "NA"]
[PlyCount "58"]
[EventDate "2018.08.05"]
[EventType "swiss"]
[EventCountry "ROU"]
[SourceTitle "playchess.com"]
[Source "ChessBase"]
[SourceQuality "1"]
[TimeControl "40/5400+30:1800+30"]

1. e4 {[%emt 0:00:31]} c5 {[%emt 0:00:01]} 2. Nf3 {[%emt 0:00:12]} e6 {[%emt 0:00:12]} 3. c4 {[%emt 0:02:36]} Nc6 {[%emt 0:00:50]} 4. Nc3 {[%emt 0:03:34]} a6 {[%emt 0:00:43]} 5. g3 {[%emt 0:04:32]} Nge7 {[%emt 0:09:44]} 6. d4 {[%emt 0:08:45]} cxd4 {[%emt 0:00:33]} 7. Nxd4 {[%emt 0:00:10]} Nxd4 {[%emt 0:00:19]} 8. Qxd4 {[%emt 0:00:12]} Nc6 {[%emt 0:00:07]} 9. Qd2 {[%emt 0:07:27]} Ne5 {[%emt 0:05:37]} 10. Be2 {[%emt 0:14:03]} h5 {[%emt 0:24:27]} 11. O-O {[%emt 0:29:40]} h4 {[%emt 0:03:05]} 12. Kg2 {[%emt 0:18:56]} Qc7 {[%emt 0:02:50]} 13. b3 {[%emt 0:00:22]} b6 {[%emt 0:02:14]} 14. f4 {[%emt 0:01:17]} Ng6 {[%emt 0:02:07]} 15. Bb2 {[%emt 0:00:46]} Bb7 {[%emt 0:01:52]} 16. Rac1 {[%emt 0:00:37]} Bb4 {[%emt 0:14:27]} 17. Qe3 {[%emt 0:00:59]} Bc5 {[%emt 0:04:26]} 18. Qd2 {[%emt 0:01:44]} Ne7 {[%emt 0:07:01]} 19. Bf3 {[%emt 0:00:31]} f5 {[%emt 0:01:57]} 20. Qd3 {[%emt 0:00:59]} O-O-O {[%emt 0:05:38]} 21. a3 {[%emt 0:00:25]} fxe4 {[%emt 0:00:18]} 22. Nxe4 {[%emt 0:00:10]} Nf5 {[%emt 0:00:29]} 23. Rfe1 {[%emt 0:00:23]} hxg3 {[%emt 0:00:55]} 24. hxg3 {[%emt 0:00:12]} Rh6 {[%emt 0:03:04]} 25. Nxc5 {[%emt 0:01:18]} Qxc5 {[%emt 0:00:31]} 26. Bxb7+ {[%emt 0:01:25]} Kxb7 {[%emt 0:00:07]} 27. Qf3+ {[%emt 0:00:22]} Qc6 {[%emt 0:04:30]} 28. Rh1 {[%emt 0:00:25]} Rg6 {[%emt 0:00:28]} 29. Rh3 {[%emt 0:00:10]} Rxg3+ {[%emt 0:00:11]} 0-1

[Event "11th Arad Open 2018"]
[Site "Arad"]
[Date "2018.08.11"]
[Round "8"]
[White "Cosman, Andreea-Marioara"]
[Black "Dobre, Claudiu-Cristian"]
[Result "0-1"]
[WhiteElo "2175"]
[BlackElo "2356"]
[Annotator "NA"]
[PlyCount "142"]
[EventDate "2018.08.05"]
[EventType "swiss"]
[EventCountry "ROU"]
[SourceTitle "playchess.com"]
[Source "ChessBase"]
[SourceQuality "1"]
[TimeControl "40/5400+30:1800+30"]

1. d4 {[%emt 0:00:00]} f5 {[%emt 0:00:00]} 2. g3 {[%emt 0:00:00]} Nf6 {[%emt 0:00:00]} 3. Bg2 {[%emt 0:00:00]} g6 {[%emt 0:00:00]} 4. Nf3 {[%emt 0:00:00]} Bg7 {[%emt 0:00:00]} 5. O-O {[%emt 0:00:00]} O-O {[%emt 0:00:00]} 6. c4 {[%emt 0:00:03]} d6 {[%emt 0:00:00]} 7. Nc3 {[%emt 0:00:13]} c6 {[%emt 0:00:19]} 8. Qb3 {[%emt 0:10:01]} Kh8 {[%emt 0:06:26]} 9. Qa3 {[%emt 0:02:29]} Qc7 {[%emt 0:11:58]} 10. d5 {[%emt 0:06:48]} a5 {[%emt 0:21:16]} 11. Re1 {[%emt 0:23:36]} Na6 {[%emt 0:03:13]} 12. Be3 {[%emt 0:07:31]} Ng4 {[%emt 0:07:12]} 13. Bd4 {[%emt 0:04:13]} e5 {[%emt 0:00:53]} 14. dxe6 {[%emt 0:00:51]} Bxe6 {[%emt 0:00:24]} 15. Bxg7+ {[%emt 0:07:39]} Kxg7 {[%emt 0:06:03]} 16. Na4 {[%emt 0:00:28]} Kg8 {[%emt 0:09:23]} 17. Qc3 {[%emt 0:02:46]} h6 {[%emt 0:05:58]} 18. Rad1 {[%emt 0:06:47]} Rad8 {[%emt 0:00:47]} 19. b3 {[%emt 0:03:18]} Kh7 {[%emt 0:02:30]} 20. Rd4 {[%emt 0:05:18]} Nf6 {[%emt 0:03:26]} 21. Qc1 {[%emt 0:07:19]} Ne4 {[%emt 0:01:06]} 22. Nd2 {[%emt 0:01:16]} Qg7 {[%emt 0:04:15]} 23. Rd3 {[%emt 0:04:50]} b5 {[%emt 0:07:32]} 24. Nc3 {[%emt 0:02:44]} bxc4 {[%emt 0:03:13]} 25. bxc4 {[%emt 0:00:59]} Nb4 {[%emt 0:00:44]} 26. Re3 {[%emt 0:00:39]} d5 {[%emt 0:01:14]} 27. Ncxe4 {[%emt 0:00:30]} fxe4 {[%emt 0:00:28]} 28. a3 {[%emt 0:01:29]} Na6 {[%emt 0:01:00]} 29. cxd5 {[%emt 0:00:22]} cxd5 {[%emt 0:00:30]} 30. Qc6 {[%emt 0:00:20]} Qf6 {[%emt 0:00:50]} 31. Rf1 {[%emt 0:00:05]} Nb8 {[%emt 0:00:45]} 32. Qb5 {[%emt 0:01:08]} Nd7 {[%emt 0:01:15]} 33. Qxa5 {[%emt 0:00:42]} Ne5 {[%emt 0:00:32]} 34. Nxe4 {[%emt 0:01:56]} dxe4 {[%emt 0:00:33]} 35. Rxe4 {[%emt 0:00:06]} Nc4 {[%emt 0:01:36]} 36. Qc7+ {[%emt 0:00:57]} Qf7 {[%emt 0:00:59]} 37. Qxf7+ {[%emt 0:00:30]} Bxf7 {[%emt 0:00:04]} 38. Re7 {[%emt 0:00:15]} Nxa3 {[%emt 0:00:50]} 39. Ra1 {[%emt 0:00:22]} Nc2 {[%emt 0:01:19]} 40. Rb1 {[%emt 0:00:00]} Rd6 {[%emt 0:00:00]} 41. e3 {[%emt 0:17:09]} Kg8 {[%emt 0:18:18]} 42. Be4 {[%emt 0:03:55]} Na3 {[%emt 0:00:42]} 43. Rbb7 {[%emt 0:00:31]} Nc4 {[%emt 0:00:59]} 44. Bc2 {[%emt 0:04:08]} Na5 {[%emt 0:05:49]} 45. Rbc7 {[%emt 0:01:25]} Nc6 {[%emt 0:00:37]} 46. Rxf7 {[%emt 0:00:45]} Rxf7 {[%emt 0:00:13]} 47. Bb3 {[%emt 0:00:07]} Nd8 {[%emt 0:00:38]} 48. Bxf7+ {[%emt 0:01:33]} Nxf7 {[%emt 0:00:06]} 49. Kg2 {[%emt 0:01:18]} Rd2 {[%emt 0:00:38]} 50. Re7 {[%emt 0:02:21]} Kg7 {[%emt 0:00:30]} 51. Re6 {[%emt 0:00:41]} h5 {[%emt 0:02:25]} 52. h4 {[%emt 0:00:46]} Nh6 {[%emt 0:01:55]} 53. Re4 {[%emt 0:02:01]} Ng4 {[%emt 0:01:09]} 54. Rf4 {[%emt 0:00:05]} Nxe3+ {[%emt 0:00:04]} 55. Kg1 {[%emt 0:00:04]} Ng4 {[%emt 0:01:51]} 56. Kf1 {[%emt 0:00:19]} Ra2 {[%emt 0:00:21]} 57. Kg1 {[%emt 0:01:12]} Ne5 {[%emt 0:00:30]} 58. Kf1 {[%emt 0:01:03]} Nd3 {[%emt 0:00:47]} 59. Rf3 {[%emt 0:00:27]} Ra1+ {[%emt 0:00:40]} 60. Ke2 {[%emt 0:00:07]} Ne5 {[%emt 0:00:25]} 61. Rf4 {[%emt 0:00:35]} Ng4 {[%emt 0:01:17]} 62. Rf3 {[%emt 0:01:12]} Ra6 {[%emt 0:00:42]} 63. Rf4 {[%emt 0:00:35]} Rf6 {[%emt 0:00:53]} 64. Rxf6 {[%emt 0:00:17]} Kxf6 {[%emt 0:00:04]} 65. f3 {[%emt 0:00:04]} Nh6 {[%emt 0:00:40]} 66. Kf2 {[%emt 0:00:30]} Ke5 {[%emt 0:00:10]} 67. Ke3 {[%emt 0:00:23]} Nf5+ {[%emt 0:00:36]} 68. Kf2 {[%emt 0:00:04]} Kd4 {[%emt 0:00:27]} 69. g4 {[%emt 0:00:15]} hxg4 {[%emt 0:00:40]} 70. fxg4 {[%emt 0:00:12]} Nxh4 {[%emt 0:00:08]} 71. Kg3 {[%emt 0:00:04]} g5 {[%emt 0:00:04]} 0-1

[Event "11th Arad Open 2018"]
[Site "Arad"]
[Date "2018.08.11"]
[Round "8"]
[White "Daianu, Cristian-Clement"]
[Black "Vasiesiu, Victor"]
[Result "0-1"]
[WhiteElo "2166"]
[BlackElo "2297"]
[Annotator "NA"]
[PlyCount "88"]
[EventDate "2018.08.05"]
[EventType "swiss"]
[EventCountry "ROU"]
[SourceTitle "playchess.com"]
[Source "ChessBase"]
[SourceQuality "1"]
[TimeControl "40/5400+30:1800+30"]

1. e4 {[%emt 0:00:00]} e6 {[%emt 0:00:00]} 2. d4 {[%emt 0:00:00]} d5 {[%emt 0:00:00]} 3. Nd2 {[%emt 0:00:04]} Nf6 {[%emt 0:00:00]} 4. e5 {[%emt 0:00:21]} Nfd7 {[%emt 0:00:02]} 5. Bd3 {[%emt 0:00:06]} c5 {[%emt 0:00:07]} 6. c3 {[%emt 0:00:05]} Nc6 {[%emt 0:00:05]} 7. Ngf3 {[%emt 0:01:41]} g5 {[%emt 0:00:13]} 8. h3 {[%emt 0:31:07]} h6 {[%emt 0:00:20]} 9. O-O {[%emt 0:02:31]} h5 {[%emt 0:00:06]} 10. c4 {[%emt 0:01:54]} Be7 {[%emt 0:01:06]} 11. Re1 {[%emt 0:17:34]} Nf8 {[%emt 0:00:07]} 12. dxc5 {[%emt 0:12:53]} g4 {[%emt 0:05:19]} 13. Nh2 {[%emt 0:04:04]} Bxc5 {[%emt 0:11:31]} 14. Nb3 {[%emt 0:02:04]} Bb6 {[%emt 0:14:52]} 15. c5 {[%emt 0:05:04]} Bc7 {[%emt 0:00:05]} 16. Bf4 {[%emt 0:00:34]} f6 {[%emt 0:04:34]} 17. Qd2 {[%emt 0:15:30]} fxe5 {[%emt 0:03:40]} 18. Bg5 {[%emt 0:00:05]} Qd7 {[%emt 0:00:08]} 19. Bb5 {[%emt 0:00:57]} Qf7 {[%emt 0:04:19]} 20. hxg4 {[%emt 0:02:46]} Bd7 {[%emt 0:04:56]} 21. f4 {[%emt 0:00:23]} e4 {[%emt 0:06:27]} 22. Bxc6 {[%emt 0:00:27]} bxc6 {[%emt 0:02:06]} 23. Nd4 {[%emt 0:00:39]} Nh7 {[%emt 0:03:57]} 24. Bh6 {[%emt 0:00:06]} Qf6 {[%emt 0:05:37]} 25. Qc3 {[%emt 0:00:54]} Rg8 {[%emt 0:04:31]} 26. g5 {[%emt 0:00:34]} Qxf4 {[%emt 0:00:58]} 27. Nf1 {[%emt 0:00:21]} Nxg5 {[%emt 0:00:39]} 28. Bxg5 {[%emt 0:00:13]} Qxg5 {[%emt 0:00:20]} 29. Qh3 {[%emt 0:00:52]} Qg4 {[%emt 0:02:47]} 30. Qxg4 {[%emt 0:00:24]} Rxg4 {[%emt 0:00:20]} 31. b4 {[%emt 0:00:12]} a5 {[%emt 0:08:50]} 32. Ne3 {[%emt 0:00:16]} Rg5 {[%emt 0:00:43]} 33. b5 {[%emt 0:00:21]} Be5 {[%emt 0:02:25]} 34. Nec2 {[%emt 0:01:19]} cxb5 {[%emt 0:01:48]} 35. c6 {[%emt 0:00:04]} Bxc6 {[%emt 0:05:25]} 36. Nxc6 {[%emt 0:00:05]} Bxa1 {[%emt 0:00:07]} 37. Nxa1 {[%emt 0:00:06]} Kd7 {[%emt 0:03:39]} 38. Nd4 {[%emt 0:00:11]} Rag8 {[%emt 0:00:50]} 39. Re2 {[%emt 0:00:06]} b4 {[%emt 0:00:13]} 40. Nab3 {[%emt 0:00:00]} e5 {[%emt 0:00:00]} 41. Nc2 {[%emt 0:16:01]} d4 {[%emt 0:23:31]} 42. Nc5+ {[%emt 0:04:21]} Kc6 {[%emt 0:00:07]} 43. Nxe4 {[%emt 0:01:25]} d3 {[%emt 0:00:05]} 44. Nxg5 {[%emt 0:00:03]} Rxg5 {[%emt 0:00:05]} 0-1

[Event "11th Arad Open 2018"]
[Site "Arad"]
[Date "2018.08.11"]
[Round "8"]
[White "Kutnik, Alexandru-Francisc"]
[Black "Patrascu, Catalin-Lucian"]
[Result "1-0"]
[WhiteElo "1986"]
[BlackElo "2286"]
[Annotator "NA"]
[PlyCount "65"]
[EventDate "2018.08.05"]
[EventType "swiss"]
[EventCountry "ROU"]
[SourceTitle "playchess.com"]
[Source "ChessBase"]
[SourceQuality "1"]
[TimeControl "40/5400+30:1800+30"]

1. d4 {[%emt 0:00:00]} Nf6 {[%emt 0:00:00]} 2. Nc3 {[%emt 0:00:00]} d5 {[%emt 0:03:53]} 3. Bg5 {[%emt 0:00:00]} g6 {[%emt 0:04:46]} 4. Bxf6 {[%emt 0:00:00]} exf6 {[%emt 0:00:03]} 5. e3 {[%emt 0:00:00]} c6 {[%emt 0:00:36]} 6. Bd3 {[%emt 0:00:09]} Bd6 {[%emt 0:00:40]} 7. h4 {[%emt 0:00:48]} h5 {[%emt 0:02:05]} 8. Nge2 {[%emt 0:02:08]} f5 {[%emt 0:02:23]} 9. Qd2 {[%emt 0:02:46]} Nd7 {[%emt 0:03:14]} 10. O-O-O {[%emt 0:00:04]} Nf6 {[%emt 0:10:32]} 11. f3 {[%emt 0:00:03]} Qc7 {[%emt 0:08:40]} 12. Kb1 {[%emt 0:03:00]} Bd7 {[%emt 0:07:22]} 13. Rc1 {[%emt 0:05:35]} b5 {[%emt 0:12:25]} 14. Nd1 {[%emt 0:00:44]} O-O {[%emt 0:01:30]} 15. Nf2 {[%emt 0:00:25]} Rfe8 {[%emt 0:02:52]} 16. Nh3 {[%emt 0:00:38]} Re7 {[%emt 0:10:08]} 17. Nef4 {[%emt 0:00:29]} Rae8 {[%emt 0:00:23]} 18. Rce1 {[%emt 0:00:14]} c5 {[%emt 0:00:50]} 19. c3 {[%emt 0:00:23]} c4 {[%emt 0:01:33]} 20. Bc2 {[%emt 0:00:13]} b4 {[%emt 0:00:11]} 21. cxb4 {[%emt 0:18:45]} Rb8 {[%emt 0:01:38]} 22. a3 {[%emt 0:04:03]} a5 {[%emt 0:01:24]} 23. b5 {[%emt 0:00:14]} Rxb5 {[%emt 0:03:59]} 24. Ka2 {[%emt 0:00:38]} Qb8 {[%emt 0:10:54]} 25. Rb1 {[%emt 0:01:55]} Be8 {[%emt 0:04:08]} 26. Rhc1 {[%emt 0:02:20]} Reb7 {[%emt 0:02:17]} 27. Bd1 {[%emt 0:05:55]} Bxa3 {[%emt 0:02:38]} 28. Kxa3 {[%emt 0:00:46]} Rb3+ {[%emt 0:00:08]} 29. Bxb3 {[%emt 0:06:22]} Rxb3+ {[%emt 0:00:05]} 30. Ka2 {[%emt 0:00:08]} Qb5 {[%emt 0:00:08]} 31. Ra1 {[%emt 0:00:15]} Ra3+ {[%emt 0:00:48]} 32. Kb1 {[%emt 0:00:33]} c3 {[%emt 0:01:13]} 33. Rxc3 {[%emt 0:00:51]} 1-0

[Event "11th Arad Open 2018"]
[Site "Arad"]
[Date "2018.08.11"]
[Round "8"]
[White "Isfan, Ioan-Marius"]
[Black "Scripcaru, George-Daniel"]
[Result "1/2-1/2"]
[WhiteElo "1933"]
[BlackElo "2177"]
[Annotator "NA"]
[PlyCount "71"]
[EventDate "2018.08.05"]
[EventType "swiss"]
[EventCountry "ROU"]
[SourceTitle "playchess.com"]
[Source "ChessBase"]
[SourceQuality "1"]
[TimeControl "40/5400+30:1800+30"]

1. d4 {[%emt 0:00:00]} d5 {[%emt 0:00:00]} 2. Nf3 {[%emt 0:00:00]} Nf6 {[%emt 0:00:01]} 3. c4 {[%emt 0:00:00]} c6 {[%emt 0:00:07]} 4. Qc2 {[%emt 0:00:42]} e6 {[%emt 0:02:25]} 5. Nbd2 {[%emt 0:01:22]} Bd6 {[%emt 0:05:25]} 6. e4 {[%emt 0:00:58]} dxe4 {[%emt 0:00:22]} 7. Nxe4 {[%emt 0:00:05]} Nxe4 {[%emt 0:01:42]} 8. Qxe4 {[%emt 0:00:08]} Nd7 {[%emt 0:02:42]} 9. Qc2 {[%emt 0:02:30]} e5 {[%emt 0:05:13]} 10. Bd3 {[%emt 0:04:59]} Bb4+ {[%emt 0:01:29]} 11. Bd2 {[%emt 0:02:08]} Bxd2+ {[%emt 0:00:07]} 12. Nxd2 {[%emt 0:02:00]} exd4 {[%emt 0:02:18]} 13. O-O {[%emt 0:01:29]} Nc5 {[%emt 0:05:43]} 14. b4 {[%emt 0:01:17]} Nxd3 {[%emt 0:00:23]} 15. Qxd3 {[%emt 0:00:04]} O-O {[%emt 0:00:28]} 16. Nb3 {[%emt 0:05:23]} Bg4 {[%emt 0:04:11]} 17. h3 {[%emt 0:06:38]} Bh5 {[%emt 0:01:01]} 18. Nxd4 {[%emt 0:00:27]} Qd7 {[%emt 0:04:05]} 19. Qc3 {[%emt 0:01:01]} Rad8 {[%emt 0:00:30]} 20. Nb3 {[%emt 0:00:12]} b6 {[%emt 0:05:47]} 21. Rfe1 {[%emt 0:01:47]} Rfe8 {[%emt 0:03:07]} 22. c5 {[%emt 0:09:20]} f6 {[%emt 0:13:52]} 23. Rxe8+ {[%emt 0:03:16]} Bxe8 {[%emt 0:01:37]} 24. Qe3 {[%emt 0:08:15]} b5 {[%emt 0:14:07]} 25. Re1 {[%emt 0:27:09]} Bf7 {[%emt 0:00:08]} 26. Qe7 {[%emt 0:01:12]} Qxe7 {[%emt 0:02:49]} 27. Rxe7 {[%emt 0:00:04]} Bxb3 {[%emt 0:00:14]} 28. axb3 {[%emt 0:00:03]} Rd1+ {[%emt 0:00:09]} 29. Kh2 {[%emt 0:00:03]} Rd3 {[%emt 0:00:10]} 30. Rxa7 {[%emt 0:00:14]} Rxb3 {[%emt 0:00:06]} 31. Rc7 {[%emt 0:00:06]} Rxb4 {[%emt 0:00:05]} 32. Rxc6 {[%emt 0:00:03]} Rc4 {[%emt 0:00:13]} 33. Rc7 {[%emt 0:00:06]} h5 {[%emt 0:01:50]} 34. g3 {[%emt 0:05:35]} b4 {[%emt 0:01:31]} 35. Rb7 {[%emt 0:00:53]} Rxc5 {[%emt 0:00:12]} 36. Rxb4 {[%emt 0:00:05]} 1/2-1/2

[Event "11th Arad Open 2018"]
[Site "Arad"]
[Date "2018.08.12"]
[Round "9"]
[White "Georgiev, Kiril"]
[Black "Stany, G.A."]
[Result "1/2-1/2"]
[WhiteElo "2593"]
[BlackElo "2494"]
[Annotator "ChessBase"]
[PlyCount "98"]
[EventDate "2018.08.05"]
[EventType "swiss"]
[EventCountry "ROU"]
[SourceTitle "playchess.com"]
[Source "ChessBase"]
[SourceQuality "1"]
[TimeControl "40/5400+30:1800+30"]

1. d4 {[%emt 0:06:51]} Nf6 {[%emt 0:00:00]} 2. Nf3 {[%emt 0:00:05]} g6 {[%emt 0:00:00]} 3. c3 {[%emt 0:00:43]} Bg7 {[%emt 0:00:37]} 4. Bg5 {[%emt 0:00:07]} d5 {[%emt 0:13:45]} 5. Nbd2 {[%emt 0:02:30]} O-O {[%emt 0:03:02]} 6. e3 {[%emt 0:00:11]} Nbd7 {[%emt 0:00:15]} 7. b4 {[%emt 0:00:19]} Re8 {[%emt 0:01:47]} 8. Be2 {[%emt 0:00:18]} e5 {[%emt 0:04:03]} 9. O-O {[%emt 0:03:58]} c6 {[%emt 0:03:25]} 10. Bh4 {[%emt 0:03:47]} Qe7 {[%emt 0:04:12]} 11. a3 {[%emt 0:03:43]} Qf8 {[%emt 0:06:41]} 12. Bg3 {[%emt 0:06:46]} Ne4 {[%emt 0:19:19]} 13. Nxe4 {[%emt 0:00:39]} dxe4 {[%emt 0:00:04]} 14. Ng5 {[%emt 0:12:35]} h6 {[%emt 0:00:47]} 15. Nxe4 {[%emt 0:13:38]} f5 {[%emt 0:00:07]} 16. Nd2 {[%emt 0:00:06]} f4 {[%emt 0:00:17]} 17. Bh4 {[%emt 0:01:58]} exd4 {[%emt 0:06:26]} 18. exf4 {[%emt 0:03:23]} dxc3 {[%emt 0:02:42]} 19. Nc4 {[%emt 0:00:59]} Nb6 {[%emt 0:20:45]} 20. Ne5 {[%emt 0:02:07]} Bf5 {[%emt 0:02:54]} 21. Qd4 {[%emt 0:11:52]} g5 {[%emt 0:02:13]} 22. Bg3 {[%emt 0:00:14]} gxf4 {[%emt 0:02:44]} 23. Bxf4 {[%emt 0:00:19]} Rad8 {[%emt 0:00:18]} 24. Qxc3 {[%emt 0:00:38]} Nd5 {[%emt 0:00:02]} 25. Bc4 {[%emt 0:01:20]} Kh7 {[%emt 0:00:28]} 26. Bxd5 {[%emt 0:01:45]} Rxd5 {[%emt 0:00:02]} 27. Rae1 {[%emt 0:04:35]} Qd6 {[%emt 0:00:33]} 28. g4 {[%emt 0:03:41]} Bg6 {[%emt 0:00:04]} 29. Qh3 {[%emt 0:01:52]} Rdxe5 {[%emt 0:01:17]} 30. Rd1 {[%emt 0:02:47]} Qf6 {[%emt 0:01:48]} 31. Bxe5 {[%emt 0:00:06]} Rxe5 {[%emt 0:01:08]} 32. Qg3 {[%emt 0:00:28]} Qe7 {[%emt 0:01:49]} 33. h3 {[%emt 0:00:39]} Re2 {[%emt 0:00:34]} 34. Qf3 {[%emt 0:00:49]} Re4 {[%emt 0:00:55]} 35. Rd2 {[%emt 0:00:36]} Re1 {[%emt 0:01:35]} 36. Rd1 {[%emt 0:00:07]} Re2 {[%emt 0:00:35]} 37. Rd7 {[%emt 0:00:50]} Qxd7 {[%emt 0:00:22]} 38. Qxe2 {[%emt 0:00:03]} Qd4 {[%emt 0:00:25]} 39. Rd1 {[%emt 0:00:21]} Qc3 {[%emt 0:00:54]} 40. Rd7 {[%emt 0:00:00]} b6 {[%emt 0:00:00]} 41. Rxa7 {[%emt 0:19:49]} Qxh3 {[%emt 0:19:22]} 42. Rxg7+ {[%emt 0:05:25]} Kxg7 {[%emt 0:00:08]} 43. Qe5+ {[%emt 0:00:30]} Kf7 {[%emt 0:07:03]} 44. Qc7+ {[%emt 0:00:18]} Kf6 {[%emt 0:01:45]} 45. Qd8+ {[%emt 0:08:50]} Ke6 {[%emt 0:01:29]} 46. Qc8+ {[%emt 0:00:19]} Kd6 {[%emt 0:01:40]} 47. Qf8+ {[%emt 0:01:16]} Ke6 {[%emt 0:01:35]} 48. Qc8+ {[%emt 0:00:26]} Kd6 {[%emt 0:01:13]} 49. Qf8+ {[%emt 0:01:05]} Ke5 1/2-1/2

[Event "11th Arad Open 2018"]
[Site "Arad"]
[Date "2018.08.12"]
[Round "9"]
[White "Vajda, Levente"]
[Black "Balog, Imre"]
[Result "1-0"]
[WhiteElo "2558"]
[BlackElo "2540"]
[Annotator "ChessBase"]
[PlyCount "107"]
[EventDate "2018.08.05"]
[EventType "swiss"]
[EventCountry "ROU"]
[SourceTitle "playchess.com"]
[Source "ChessBase"]
[SourceQuality "1"]
[TimeControl "40/5400+30:1800+30"]

1. Nf3 {[%emt 0:00:00]} d5 {[%emt 0:00:10]} 2. g3 {[%emt 0:00:00]} g6 {[%emt 0:01:25]} 3. Bg2 {[%emt 0:00:00]} Bg7 {[%emt 0:00:06]} 4. c4 {[%emt 0:02:02]} d4 {[%emt 0:02:49]} 5. O-O {[%emt 0:04:37]} e5 {[%emt 0:01:37]} 6. d3 {[%emt 0:00:29]} a5 {[%emt 0:00:06]} 7. e3 {[%emt 0:00:09]} Ne7 {[%emt 0:00:31]} 8. exd4 {[%emt 0:01:33]} exd4 {[%emt 0:00:07]} 9. Bf4 {[%emt 0:00:07]} O-O {[%emt 0:05:12]} 10. Na3 {[%emt 0:00:58]} Na6 {[%emt 0:01:29]} 11. Re1 {[%emt 0:12:41]} Nc5 {[%emt 0:13:46]} 12. Nb5 {[%emt 0:05:52]} Ne6 {[%emt 0:00:29]} 13. Rxe6 {[%emt 0:01:01]} Bxe6 {[%emt 0:06:28]} 14. Nxc7 {[%emt 0:01:24]} Ra7 {[%emt 0:00:05]} 15. Nxe6 {[%emt 0:00:07]} fxe6 {[%emt 0:00:02]} 16. Qe2 {[%emt 0:02:44]} Ra6 {[%emt 0:00:45]} 17. Ng5 {[%emt 0:01:52]} e5 {[%emt 0:02:52]} 18. Re1 {[%emt 0:05:53]} Rf5 {[%emt 0:09:10]} 19. Bd2 {[%emt 0:07:46]} h6 {[%emt 0:05:23]} 20. Nf3 {[%emt 0:01:49]} Nc6 {[%emt 0:12:59]} 21. Nh4 {[%emt 0:00:37]} Rf6 {[%emt 0:00:36]} 22. Bd5+ {[%emt 0:01:06]} Kh7 {[%emt 0:03:50]} 23. Be4 {[%emt 0:05:13]} Qe8 {[%emt 0:05:18]} 24. f4 {[%emt 0:05:14]} Ne7 {[%emt 0:04:45]} 25. fxe5 {[%emt 0:01:26]} Rfe6 {[%emt 0:00:46]} 26. Nf3 {[%emt 0:02:40]} Bxe5 {[%emt 0:00:59]} 27. Qf2 {[%emt 0:05:17]} Nc6 {[%emt 0:05:16]} 28. g4 {[%emt 0:00:50]} Nd8 {[%emt 0:09:00]} 29. h4 {[%emt 0:01:50]} Bg7 {[%emt 0:05:35]} 30. Nxd4 {[%emt 0:05:17]} Bxd4 {[%emt 0:02:31]} 31. Qxd4 {[%emt 0:00:07]} Nf7 {[%emt 0:00:34]} 32. h5 {[%emt 0:01:19]} Ne5 {[%emt 0:00:45]} 33. Kg2 {[%emt 0:03:57]} Rad6 {[%emt 0:00:26]} 34. hxg6+ {[%emt 0:00:55]} Nxg6 {[%emt 0:00:17]} 35. Qe3 {[%emt 0:01:05]} Qf8 {[%emt 0:00:39]} 36. Rh1 {[%emt 0:01:03]} Qg7 {[%emt 0:00:39]} 37. Rxh6+ {[%emt 0:00:31]} Kg8 {[%emt 0:00:01]} 38. Bd5 {[%emt 0:01:51]} Qf6 {[%emt 0:00:02]} 39. Qg5 {[%emt 0:03:55]} Rxd5 {[%emt 0:00:53]} 40. Qxf6 {[%emt 0:00:00]} Rxf6 {[%emt 0:00:00]} 41. cxd5 {[%emt 0:18:57]} Rd6 {[%emt 0:15:57]} 42. g5 {[%emt 0:01:55]} Kf7 {[%emt 0:00:24]} 43. Rh7+ {[%emt 0:01:20]} Kg8 {[%emt 0:01:41]} 44. Rxb7 {[%emt 0:00:47]} Rxd5 {[%emt 0:00:07]} 45. Kf2 {[%emt 0:00:34]} Rxd3 {[%emt 0:00:10]} 46. Bxa5 {[%emt 0:00:30]} Rd5 {[%emt 0:00:01]} 47. Bc3 {[%emt 0:02:53]} Rxg5 {[%emt 0:03:00]} 48. a4 {[%emt 0:00:07]} Nf4 {[%emt 0:03:34]} 49. a5 {[%emt 0:00:42]} Rg6 {[%emt 0:00:04]} 50. Ke3 {[%emt 0:00:22]} Ng2+ {[%emt 0:03:31]} 51. Ke4 {[%emt 0:01:23]} Kf8 {[%emt 0:00:20]} 52. Rb6 {[%emt 0:01:45]} Rg4+ {[%emt 0:00:56]} 53. Kf3 {[%emt 0:00:06]} Rg5 {[%emt 0:00:02]} 54. a6 {[%emt 0:00:13]} 1-0